000 00339nam a22001457a 4500
008 210607b ||||| |||| 00| 0 eng d
020 _a2900323086201
041 _aeng
080 _25th
_a61
082 _a61
100 _a3
101 _aSHM
245 _aFoundations of Mental Health Care
_cMichelle Morrison-Valfre
942 _2udc
_cBK
999 _c57998
_d57998